| 000 | 01076cam a2200301 a 4500 | ||
|---|---|---|---|
| 001 | 17410965 | ||
| 003 | ARRUPE | ||
| 005 | 20130917124518.0 | ||
| 008 | 120801s2012 ie b 000 0 eng | ||
| 010 | _a 2012452944 | ||
| 020 | _a9781856077897 (pbk.) | ||
| 040 |
_aDLC _cDLC _dDLC |
||
| 042 | _apcc | ||
| 050 | 0 | 0 |
_aBX830 1962 _b.R36 2012 |
| 082 | 0 | 4 |
_a262.5 _223 |
| 245 | 0 | 0 |
_aReaping the harvest : _bfifty years after Vatican II / _cedited by Suzanne Mulligan. |
| 260 |
_aBlackrock, Co Dublin : _bColumba Press, _c2012. |
||
| 300 |
_a94 p. ; _c22 cm. |
||
| 500 | _a"Dr Suzanne Mulligan, ed., Dr Jim Corkery SJ, Dr Gerry O'Hanlon SJ"--Cover. | ||
| 504 | _aIncludes bibliographical references. | ||
| 611 | 2 | 0 |
_aVatican Council _n(2nd : _d1962-1965 : _cBasilica di San Pietro in Vaticano) _9236 |
| 650 | 0 |
_aChurch renewal. _9237 |
|
| 650 | 0 |
_aChurch and the world. _9238 |
|
| 700 | 1 |
_aMulligan, Suzanne. _9239 |
|
| 906 |
_a7 _bcbc _corignew _d2 _encip _f20 _gy-gencatlg |
||
| 942 |
_2lcc _cMONOGRAPH |
||
| 999 |
_c117805 _d117805 |
||